| 000 | 00710nam a22002537a 4500 | ||
|---|---|---|---|
| 003 | CHAP | ||
| 005 | 20220329135236.0 | ||
| 008 | 971013s1950 r 00010 d | ||
| 010 | _a33184 | ||
| 011 | _a34156 | ||
| 035 | _a38272 | ||
| 040 | _cCHAP | ||
| 082 |
_a630.931 _bN8 |
||
| 110 |
_aNew Zealand. Department of Agriculture _981044 |
||
| 245 | _aFarming in New Zealand | ||
| 260 |
_aWellington : _b(s.e.), _c1950 |
||
| 300 |
_a340 p. _b: ilus. |
||
| 590 |
_aBATCH-UPD _b10 _c20130110 _lUCH01 _h0036 |
||
| 590 |
_aCONVERSION _b10 _c20130109 _lUCH01 _h1319 |
||
| 650 | 1 | 4 |
_aAgricultura _xNueva Zelanda. _91753 |
| 901 | _aBK | ||
| 942 | _cLIBRO | ||
| 949 |
_a630.931 N8 _bBC _cBPA _d-87454 _eBPA _h20351 _i38272 _si |
||
| 999 |
_c33184 _d33184 |
||